000
00299nam a22001217a 4500
008
170905b xxu||||| |||| 00| 0 eng d
041
_a
alb
080
_a
621
100
_a
27
101
_a
IM
245
_a
MAKINAT METAL PËRPUNUESE ME DIRIGJIM NUMERIK DHE PROGRAMIMI
_c
KRASNIQI,Z
942
_2
udc
_c
BK
999
_c
26131
_d
26131